000 00230nam a2200097Ia 4500
001 640141
005 20250826153442.0
008 250824s9999 xx 000 0 und d
245 0 _aHZ HATİCE
_cSERAP YAVUZ
260 _bBEYAN YAYINLARI
999 _c640141
_d640141